logo

Bir Sreshtho Munshi Abdur Rouf Library
Jhenaidah Cadet College

What's that sound? : (Record no. 8155)

MARC details
000 -LEADER
fixed length control field 01418cam a22002774a 4500
001 - CONTROL NUMBER
JCCL Control Number 8155
003 - CONTROL NUMBER IDENTIFIER
JCCL marc code BD-JhCC
005 - DATE AND TIME OF LATEST TRANSACTION
control field 20180711101058.0
008 - FIXED-LENGTH DATA ELEMENTS--GENERAL INFORMATION
fixed length control field 090129s2009 nyua b 001 0 eng
020 ## - INTERNATIONAL STANDARD BOOK NUMBER
International Standard Book Number 9780393975758
035 ## - SYSTEM CONTROL NUMBER
system control number (BD-JhCC)8155
040 ## - CATALOGING SOURCE
Original cataloging agency DLC
Transcribing agency DLC
Modifying agency DLC
-- BD-JhCC
041 ## - LANGUAGE CODE
Language code of Book eng
050 00 - LIBRARY OF CONGRESS CALL NUMBER
Classification number ML3534
Item number .C7 2009
082 00 - DEWEY DECIMAL CLASSIFICATION NUMBER
Classification number 781.6609
DDC Edition number 22
Author mark and Year COV 2009
100 1# - MAIN ENTRY--PERSONAL NAME
Personal name Covach, John Rudolph.
245 10 - TITLE STATEMENT
Title What's that sound? :
Remainder of title an introduction to rock and its history /
Statement of responsibility, etc John Covach.
250 ## - EDITION STATEMENT
Edition statement 2nd ed.
260 ## - PUBLICATION, DISTRIBUTION, ETC. (IMPRINT)
Place of publication, distribution, etc New York :
Name of publisher, distributor, etc W. W. Norton,
Date of publication, distribution, etc c2009.
300 ## - PHYSICAL DESCRIPTION
Pagination 1 v. (various pagings) :
Other physical details ill. ;
Dimensions 23 cm.
504 ## - BIBLIOGRAPHY, ETC. NOTE
Bibliography, etc Includes bibliographical references and index.
505 0# - FORMATTED CONTENTS NOTE
Formatted contents note The world before rock and roll (roots-1955) -- The birth and first flourishing of rock and roll (1955-1960) -- The demise of rock and the promise of soul (1959-1963) -- The Beatles and the British invasion (1964-1966) -- American responses (1964-1966) -- Motown pop and southern soul (1960-1970) -- Psychedelia (1966-1969) -- The growing rock monster (1970-1975) -- Black pop and the rise of disco (1970-1980) -- Mainstream rock, punk, and new wave (1975-1980) -- I want my MTV (1980-1990) -- Heavy metal, rap, and the rise of alternative rock (1982-1992) -- Conclusion (1990s and beyond: the more things change--).
650 #0 - SUBJECT ADDED ENTRY--TOPICAL TERM
Topical term or geographic name as entry element Rock music
General subdivision History and criticism.
942 ## - ADDED ENTRY ELEMENTS (KOHA)
Source of classification or shelving scheme Dewey Decimal Classification
Koha item type Books
Holdings
Source of classification or shelving scheme Damaged status Not for loan Home library Current library Shelving location Total Checkouts Full call number Barcode Date last seen Copy number Koha item type
Dewey Decimal Classification     JCC Rouf Library JCC Rouf Library General Stacks   781.6609 COV 2009 10783 02/19/2018 C - 1 Books

JCC Library | Contacts | JCC Home

Last Update on 23 September 2017
Copyright @ 2017-2020 JCC Rouf Library
Rouf Library, Jhenidah Cadet College (JCC), Bangladesh